[Event "IECC CL4-2009.09 email"]
[Site "IECC email"]
[Date "2009.08.30"]
[Round "?"]
[White "Van't Hof, Gert"]
[Black "Paschoal, Bruno Renato"]
[Result "1-0"]
[WhiteElo "1621"]
[BlackElo "1710"]
[PlyCount "31"]
[EventDate "2009.??.??"]
[EventType "tourn (corr)"]
[EventRounds "4"]
[SourceTitle "Telechess CBM 137"]
[Source "ChessBase"]
[SourceDate "2010.07.15"]
[SourceVersion "1"]
[SourceVersionDate "2010.07.15"]
[SourceQuality "1"]
[WhiteTeam "Netherlands"]
[BlackTeam "Brazil"]
[WhiteTeamCountry "NED"]
[BlackTeamCountry "BRA"]

1. e4 e5 2. Nf3 d6 3. d4 Nd7 4. Bc4 b6 5. dxe5 dxe5 6. Qd5 Qe7 7. Qxa8 Kd8 8. 0-0 Qb4 9. Bxf7 Bd6 10. Nc3 Ngf6 11. a3 Qa5 12. Bc4 Bb4 13. Bd2 Bxc3 14. Bxc3 Qc5 15. Ba6 Ke7 16. Bb4 1-0